| 000 | 00483nam a2200193Ia 4500 | ||
|---|---|---|---|
| 008 | 210210b2014 xxu||||| |||| 00| 0 eng d | ||
| 020 | _a9350562235 | ||
| 041 | _aeng | ||
| 082 | _a615.954 SHRF | ||
| 100 | _aSHRIVASTAVA (Pradeep) | ||
| 245 | _aFoodborne diseases | ||
| 260 |
_aNew Delhi _bDiscovery Publishing House Pvt. Ltd. _c2014 |
||
| 300 | _ax,339 | ||
| 650 | _aFoodborne | ||
| 650 | _adiseases | ||
| 690 | _aPharmacology | ||
| 700 | _aSWARUP (Abha) | ||
| 906 | _a072013 | ||
| 999 |
_c121871 _d121871 |
||